Normal view
MARC view
Entry Nombre personal
001 - NÚMERO DE CONTROL
- campo de control: 911
003 - IDENTIFICADOR DE NÚMERO DE CONTROL
- campo de control: DLC
005 - FECHA Y HORA DE LA ÚLTIMA TRANSACCIÓN
- campo de control: 20260318111302.0
008 - ELEMENTOS DE DATO DE LONGITUD-FIJA
- campo de control de longitud fija: 030114n| acannaabn |n aaa c
010 ## - NÚMERO DE CONTROL DE LA BIBLIOTECA DEL CONGRESO
- Número de control de LC: no2003004077
035 ## - NÚMERO DE CONTROL DEL SISTEMA
- Número de control de sistema: (OCoLC)oca05949923
040 ## - FUENTE DE CATALOGACIÓN
- Centro catalogador/agencia de origen: MoSpS-AV
- Lengua de catalogación: eng
- Centro/agencia transcriptor: MoSpS-AV
100 1# - ENCABEZAMIENTO-NOMBRE DE PERSONA
- Nombre de persona: Glass, Charles,
- Fechas asociadas al nombre: 1950-
670 ## - FUENTE DE DATOS ENCONTRADOS
- Cita de la fuente: William Shakespeare, a life of drama [VR] c1996:
- Información encontrada: end credits (narrator, Charles Glass)
670 ## - FUENTE DE DATOS ENCONTRADOS
- Cita de la fuente: Internet movie database, Aug. 26, 2002:
- Información encontrada: (Charles Glass; b. Nov. 18, 1950; actor, 1990s)